Hangverseny Gálszécsén
Správa o koncerte spojenom s tanečnou zábavou, ktorý sa konal 11. januára 1902 v Sečovciach. V programe o.i. vystúpili Regina a B. Wirtschafter (spev) a Sztanko (husle)
| Format: | Article |
|---|---|
| Language: | Hungarian |
| Subjects: | |
| Source: |
1. Felsömagyarország : Kassai napló 1. Roč. 18, č. 12 (16.01.1902) s. 6 |
| LEADER | 00931nab#a2200313#ar4500 | ||
|---|---|---|---|
| 001 | 000076331 | ||
| 003 | SVKKK | ||
| 005 | 20070712092412.0 | ||
| 008 | 060725c xo e huno | ||
| FMT | |||
| 038 | |a SVKKK | ||
| 040 | |a SVKKK |b slo |e AACR2 | ||
| 041 | 0 | |a hun | |
| 044 | |a xo |c SK | ||
| 080 | |a 785.6 |2 1997 | ||
| 080 | |a 793 |2 1997 | ||
| 242 | 1 | 0 | |a Koncert v Sečovciach |
| 245 | 0 | 0 | |a Hangverseny Gálszécsén |
| 520 | 2 | |a Správa o koncerte spojenom s tanečnou zábavou, ktorý sa konal 11. januára 1902 v Sečovciach. V programe o.i. vystúpili Regina a B. Wirtschafter (spev) a Sztanko (husle) | |
| 650 | 0 | 4 | |a koncerty |x zábava tanečná |z Sečovce (Slovensko) |y 11.01.1902 |
| 773 | 0 | |t Felsömagyarország : Kassai napló |g Roč. 18, č. 12 (16.01.1902) s. 6 | |
| 957 | |a 811 | ||
| 958 | |a DG | ||
| 958 | |a HU | ||
| 974 | |a zuz/Ba | ||
| 992 | |a RBX | ||
| 997 | |d Gálszécs p. Sečovce | ||
| BAS | |||
| 998 | |a RETRO | ||